LIBRARY & INFORMATION CENTRE, KCAET, TAVANUR

ONLINE PUBLIC ACCESS CATALOGUE (OPAC)

Bridges in questions and answers / (Record no. 3119)

MARC details
000 -LEADER
fixed length control field 00368cam a2200145ua 4500
003 - CONTROL NUMBER IDENTIFIER
control field OSt
008 - FIXED-LENGTH DATA ELEMENTS--GENERAL INFORMATION
fixed length control field 250802b |||||||| |||| 00| 0 eng d
041 ## - LANGUAGE CODE
Language code of text/sound track or separate title eng
082 ## - DEWEY DECIMAL CLASSIFICATION NUMBER
Classification number 624.2
Item number SHA/BR
100 ## - MAIN ENTRY--AUTHOR NAME
Personal name Shahane, Alexander.
245 ## - TITLE STATEMENT
Title Bridges in questions and answers /
260 ## - PUBLICATION, DISTRIBUTION, ETC. (IMPRINT)
Place of publication Bombay :
Name of publisher Engineering Book Co. ,
Year of publication 1953.
300 ## - PHYSICAL DESCRIPTION
Number of Pages 176 ; .
942 ## - ADDED ENTRY ELEMENTS (KOHA)
Koha item type Books
Holdings
Withdrawn status Lost status Damaged status Home library Current library Date acquired Full call number Accession Number Koha item type
      KAUAET KAUAET 07/04/2012 624.2 SHA/BR 3055 Books
Withdrawn     KAUAET KAUAET 07/04/2012 624.2 13009 Books
    Damaged KAUAET KAUAET 07/04/2012 624.2 13008 Books
    Damaged KAUAET KAUAET 07/04/2012 624.2 13007 Books
free website counter